<?xml version="1.0" encoding="UTF-8"?>
<record
    xmlns:xsi="http://www.w3.org/2001/XMLSchema-instance"
    xsi:schemaLocation="http://www.loc.gov/MARC21/slim http://www.loc.gov/standards/marcxml/schema/MARC21slim.xsd"
    xmlns="http://www.loc.gov/MARC21/slim">

  <leader>02960nam0a2200409   4500</leader>
  <controlfield tag="001">RU\NLR\bibl\987404</controlfield>
  <controlfield tag="005">20260405072502.0</controlfield>
  <datafield tag="010" ind1=" " ind2=" ">
    <subfield code="a">5-94665-206-0</subfield>
    <subfield code="9">10000</subfield>
  </datafield>
  <datafield tag="021" ind1=" " ind2=" ">
    <subfield code="a">RU</subfield>
    <subfield code="b">2006-38812</subfield>
    <subfield code="9">1948</subfield>
  </datafield>
  <datafield tag="035" ind1=" " ind2=" ">
    <subfield code="a">(NLR Aleph) 000975255</subfield>
  </datafield>
  <datafield tag="090" ind1=" " ind2=" ">
    <subfield code="a">424637</subfield>
    <subfield code="c">424637</subfield>
  </datafield>
  <datafield tag="100" ind1=" " ind2=" ">
    <subfield code="a">20060925d2006    |||y0rusy50      ca</subfield>
  </datafield>
  <datafield tag="101" ind1="0" ind2=" ">
    <subfield code="a">rus</subfield>
  </datafield>
  <datafield tag="102" ind1=" " ind2=" ">
    <subfield code="a">RU</subfield>
  </datafield>
  <datafield tag="105" ind1=" " ind2=" ">
    <subfield code="a">a   |||||||||</subfield>
  </datafield>
  <datafield tag="200" ind1="1" ind2=" ">
    <subfield code="a">&#x41F;&#x43E;&#x434;&#x440;&#x43E;&#x431;&#x43D;&#x44B;&#x439; &#x440;&#x430;&#x437;&#x431;&#x43E;&#x440; &#x437;&#x430;&#x434;&#x430;&#x43D;&#x438;&#x439; &#x438;&#x437; &#x443;&#x447;&#x435;&#x431;&#x43D;&#x438;&#x43A;&#x430; &#x43F;&#x43E; &#x430;&#x43B;&#x433;&#x435;&#x431;&#x440;&#x435; &#x438; &#x43D;&#x430;&#x447;&#x430;&#x43B;&#x430;&#x43C; &#x430;&#x43D;&#x430;&#x43B;&#x438;&#x437;&#x430;, 10-11 &#x43A;&#x43B;&#x430;&#x441;&#x441; &#x430;&#x432;&#x442;&#x43E;&#x440;&#x43E;&#x432;: &#x41A;&#x43E;&#x43B;&#x43C;&#x43E;&#x433;&#x43E;&#x440;&#x43E;&#x432; &#x410;.&#x41D;., &#x410;&#x431;&#x440;&#x430;&#x43C;&#x43E;&#x432; &#x410;.&#x41C;., &#x414;&#x443;&#x434;&#x43D;&#x438;&#x446;&#x44B;&#x43D; &#x42E;.&#x41F;. - &#x41C;.: &#x41F;&#x440;&#x43E;&#x441;&#x432;&#x435;&#x449;&#x435;&#x43D;&#x438;&#x435;, 2001-2006</subfield>
    <subfield code="f">&#x410;.&#x41D;. &#x420;&#x443;&#x440;&#x443;&#x43A;&#x438;&#x43D;</subfield>
  </datafield>
  <datafield tag="210" ind1=" " ind2=" ">
    <subfield code="a">&#x41C;&#x43E;&#x441;&#x43A;&#x432;&#x430;</subfield>
    <subfield code="c">&#x412;&#x410;&#x41A;&#x41E;</subfield>
    <subfield code="d">2006</subfield>
  </datafield>
  <datafield tag="215" ind1=" " ind2=" ">
    <subfield code="a">288 &#x441;.</subfield>
    <subfield code="c">&#x438;&#x43B;.</subfield>
    <subfield code="d">17</subfield>
  </datafield>
  <datafield tag="225" ind1="1" ind2=" ">
    <subfield code="a">&#x421;&#x430;&#x43C; &#x441;&#x435;&#x431;&#x435; &#x440;&#x435;&#x43F;&#x435;&#x442;&#x438;&#x442;&#x43E;&#x440;</subfield>
  </datafield>
  <datafield tag="300" ind1=" " ind2=" ">
    <subfield code="a">&#x41D;&#x430; &#x43E;&#x431;&#x43B;.: &#x41E;&#x442;&#x432;&#x435;&#x442;&#x44B; &#x438; &#x440;&#x435;&#x448;&#x435;&#x43D;&#x438;&#x44F; : &#x43A; &#x437;&#x430;&#x434;&#x430;&#x43D;&#x438;&#x44F;&#x43C; &#x443;&#x447;&#x435;&#x431;&#x43D;&#x438;&#x43A;&#x430; &#x410;.&#x41D;. &#x41A;&#x43E;&#x43B;&#x43C;&#x43E;&#x433;&#x43E;&#x440;&#x43E;&#x432;&#x430;, &#x410;.&#x41C;. &#x410;&#x431;&#x440;&#x430;&#x43C;&#x43E;&#x432;&#x430; &#x438; &#x434;&#x440;. &#x410;&#x43B;&#x433;&#x435;&#x431;&#x440;&#x430; &#x438; &#x43D;&#x430;&#x447;&#x430;&#x43B;&#x430; &#x430;&#x43D;&#x430;&#x43B;&#x438;&#x437;&#x430; : 10-11</subfield>
  </datafield>
  <datafield tag="300" ind1=" " ind2=" ">
    <subfield code="a">&#x417;&#x430;&#x433;&#x43B;. &#x43A;&#x43E;&#x440;&#x435;&#x448;&#x43A;&#x430;: &#x412;&#x44B;&#x43F;&#x43E;&#x43B;&#x43D;&#x435;&#x43D;&#x43D;&#x44B;&#x435; &#x437;&#x430;&#x434;&#x430;&#x43D;&#x438;&#x44F; &#x43F;&#x43E; &#x430;&#x43B;&#x433;&#x435;&#x431;&#x440;&#x435; : 10-11 &#x43A;&#x43B;.</subfield>
  </datafield>
  <datafield tag="300" ind1=" " ind2=" ">
    <subfield code="a">&#x41D;&#x430; &#x43E;&#x431;&#x43E;&#x440;&#x43E;&#x442;&#x435; &#x442;&#x438;&#x442;. &#x43B;. &#x430;&#x432;&#x442;.: &#x43A;.&#x444;.-&#x43C;.&#x43D;., &#x43F;&#x440;&#x435;&#x43F;. &#x420;&#x443;&#x440;&#x443;&#x43A;&#x438;&#x43D; &#x410;.&#x41D;.</subfield>
  </datafield>
  <datafield tag="300" ind1=" " ind2=" ">
    <subfield code="a">&#x41D;&#x430; &#x43E;&#x431;&#x43B;. &#x430;&#x432;&#x442;. &#x43D;&#x435; &#x443;&#x43A;&#x430;&#x437;&#x430;&#x43D;</subfield>
  </datafield>
  <datafield tag="422" ind1=" " ind2="0">
    <subfield code="1">001RU\NLR\BIBL_A\010807511</subfield>
    <subfield code="1">005##20150722150421.0</subfield>
    <subfield code="1">2001#$a&#x410;&#x43B;&#x433;&#x435;&#x431;&#x440;&#x430; &#x438; &#x43D;&#x430;&#x447;&#x430;&#x43B;&#x430; &#x430;&#x43D;&#x430;&#x43B;&#x438;&#x437;&#x430;$e&#x443;&#x447;&#x435;&#x431;&#x43D;&#x438;&#x43A; &#x434;&#x43B;&#x44F; 10-11-&#x445; &#x43A;&#x43B;&#x430;&#x441;&#x441;&#x43E;&#x432; &#x43E;&#x431;&#x449;&#x435;&#x43E;&#x431;&#x440;&#x430;&#x437;&#x43E;&#x432;&#x430;&#x442;&#x435;&#x43B;&#x44C;&#x43D;&#x44B;&#x445; &#x443;&#x447;&#x440;&#x435;&#x436;&#x434;&#x435;&#x43D;&#x438;&#x439;$f&#x41A;&#x43E;&#x43B;&#x43C;&#x43E;&#x433;&#x43E;&#x440;&#x43E;&#x432; &#x410;.&#x41D;., &#x410;&#x431;&#x440;&#x430;&#x43C;&#x43E;&#x432; &#x410;.&#x41C;., &#x414;&#x443;&#x434;&#x43D;&#x438;&#x446;&#x438;&#x43D; &#x42E;.&#x41F;. [&#x438; &#x434;&#x440;.]</subfield>
    <subfield code="1">210##$a&#x41C;&#x43E;&#x441;&#x43A;&#x432;&#x430;$c&#x41F;&#x440;&#x43E;&#x441;&#x432;&#x435;&#x449;&#x435;&#x43D;&#x438;&#x435;$d2001-2006</subfield>
    <subfield code="1">701#1$3RU\NLR\auth\77455$a&#x41A;&#x43E;&#x43B;&#x43C;&#x43E;&#x433;&#x43E;&#x440;&#x43E;&#x432;$b&#x410;. &#x41D;.$f1903-1987$g&#x410;&#x43D;&#x434;&#x440;&#x435;&#x439; &#x41D;&#x438;&#x43A;&#x43E;&#x43B;&#x430;&#x435;&#x432;&#x438;&#x447;$4070</subfield>
    <subfield code="1">701#1$3RU\NLR\AUTH\7726338$a&#x410;&#x431;&#x440;&#x430;&#x43C;&#x43E;&#x432;$b&#x410;. &#x41C;.$c&#x43A;&#x430;&#x43D;&#x434;. &#x43F;&#x435;&#x434;. &#x43D;&#x430;&#x443;&#x43A;, &#x43C;&#x430;&#x442;&#x435;&#x43C;&#x430;&#x442;&#x438;&#x43A;$f1946-2015$g&#x410;&#x43B;&#x435;&#x43A;&#x441;&#x430;&#x43D;&#x434;&#x440; &#x41C;&#x438;&#x445;&#x430;&#x439;&#x43B;&#x43E;&#x432;&#x438;&#x447;$4070</subfield>
    <subfield code="1">701#1$3RU\NLR\auth\773614$a&#x414;&#x443;&#x434;&#x43D;&#x438;&#x446;&#x44B;&#x43D;$b&#x42E;. &#x41F;.$g&#x42E;&#x440;&#x438;&#x439; &#x41F;&#x430;&#x432;&#x43B;&#x43E;&#x432;&#x438;&#x447;$4070</subfield>
  </datafield>
  <datafield tag="512" ind1="1" ind2=" ">
    <subfield code="a">&#x41E;&#x442;&#x432;&#x435;&#x442;&#x44B; &#x438; &#x440;&#x435;&#x448;&#x435;&#x43D;&#x438;&#x44F;</subfield>
    <subfield code="e">&#x43A; &#x437;&#x430;&#x434;&#x430;&#x43D;&#x438;&#x44F;&#x43C; &#x443;&#x447;&#x435;&#x431;&#x43D;&#x438;&#x43A;&#x430; &#x410;.&#x41D;. &#x41A;&#x43E;&#x43B;&#x43C;&#x43E;&#x433;&#x43E;&#x440;&#x43E;&#x432;&#x430;, &#x410;.&#x41C;. &#x410;&#x431;&#x440;&#x430;&#x43C;&#x43E;&#x432;&#x430; &#x438; &#x434;&#x440;. &#x410;&#x43B;&#x433;&#x435;&#x431;&#x440;&#x430; &#x438; &#x43D;&#x430;&#x447;&#x430;&#x43B;&#x430; &#x430;&#x43D;&#x430;&#x43B;&#x438;&#x437;&#x430; : 10-11</subfield>
  </datafield>
  <datafield tag="517" ind1="0" ind2=" ">
    <subfield code="a">&#x412;&#x44B;&#x43F;&#x43E;&#x43B;&#x43D;&#x435;&#x43D;&#x43D;&#x44B;&#x435; &#x437;&#x430;&#x434;&#x430;&#x43D;&#x438;&#x44F; &#x43F;&#x43E; &#x430;&#x43B;&#x433;&#x435;&#x431;&#x440;&#x435;</subfield>
    <subfield code="e">10-11 &#x43A;&#x43B;.</subfield>
  </datafield>
  <datafield tag="606" ind1="1" ind2=" ">
    <subfield code="a">&#x410;&#x43B;&#x433;&#x435;&#x431;&#x440;&#x430;</subfield>
    <subfield code="j">&#x423;&#x447;&#x435;&#x431;&#x43D;&#x438;&#x43A;&#x438; &#x434;&#x43B;&#x44F; &#x441;&#x440;&#x435;&#x434;&#x43D;&#x435;&#x439; &#x448;&#x43A;&#x43E;&#x43B;&#x44B;</subfield>
    <subfield code="x">&#x417;&#x430;&#x434;&#x430;&#x447;&#x438;</subfield>
    <subfield code="x">&#x420;&#x435;&#x448;&#x435;&#x43D;&#x438;&#x435;</subfield>
    <subfield code="9">2074914</subfield>
    <subfield code="3">RU\NLR\auth\661249941</subfield>
  </datafield>
  <datafield tag="606" ind1="1" ind2=" ">
    <subfield code="a">&#x41C;&#x430;&#x442;&#x435;&#x43C;&#x430;&#x442;&#x438;&#x447;&#x435;&#x441;&#x43A;&#x438;&#x439; &#x430;&#x43D;&#x430;&#x43B;&#x438;&#x437;</subfield>
    <subfield code="j">&#x423;&#x447;&#x435;&#x431;&#x43D;&#x438;&#x43A;&#x438; &#x434;&#x43B;&#x44F; &#x441;&#x440;&#x435;&#x434;&#x43D;&#x435;&#x439; &#x448;&#x43A;&#x43E;&#x43B;&#x44B;</subfield>
    <subfield code="x">&#x417;&#x430;&#x434;&#x430;&#x447;&#x438;</subfield>
    <subfield code="x">&#x420;&#x435;&#x448;&#x435;&#x43D;&#x438;&#x435;</subfield>
    <subfield code="9">1535963</subfield>
    <subfield code="3">RU\NLR\auth\66669339</subfield>
  </datafield>
  <datafield tag="686" ind1=" " ind2=" ">
    <subfield code="a">&#x412;151&#x44F;721-41</subfield>
  </datafield>
  <datafield tag="686" ind1=" " ind2=" ">
    <subfield code="a">&#x412;161.1&#x44F;721-41</subfield>
  </datafield>
  <datafield tag="700" ind1=" " ind2="1">
    <subfield code="4">070</subfield>
    <subfield code="8">rus</subfield>
    <subfield code="7">ca</subfield>
    <subfield code="a">&#x420;&#x443;&#x440;&#x443;&#x43A;&#x438;&#x43D;</subfield>
    <subfield code="b">&#x410;.&#x41D;.</subfield>
    <subfield code="g">&#x410;&#x43B;&#x435;&#x43A;&#x441;&#x430;&#x43D;&#x434;&#x440; &#x41D;&#x438;&#x43A;&#x43E;&#x43B;&#x430;&#x435;&#x432;&#x438;&#x447;</subfield>
    <subfield code="3">RU\NLR\auth\7719218</subfield>
    <subfield code="9">2291</subfield>
  </datafield>
  <datafield tag="801" ind1=" " ind2="0">
    <subfield code="a">RU</subfield>
    <subfield code="b">NLR</subfield>
    <subfield code="c">20060925</subfield>
    <subfield code="g">rcr</subfield>
  </datafield>
  <datafield tag="801" ind1=" " ind2="1">
    <subfield code="a">RU</subfield>
    <subfield code="b">NLR</subfield>
    <subfield code="c">20060925</subfield>
  </datafield>
  <datafield tag="942" ind1=" " ind2=" ">
    <subfield code="c">BOOK</subfield>
  </datafield>
  <datafield tag="980" ind1=" " ind2=" ">
    <subfield code="a">NB</subfield>
  </datafield>
  <datafield tag="995" ind1=" " ind2=" ">
    <subfield code="5">2006-09-25</subfield>
    <subfield code="a">ad</subfield>
    <subfield code="b">NLR01</subfield>
    <subfield code="c">NLR01</subfield>
    <subfield code="e">RF3</subfield>
    <subfield code="f">2263956</subfield>
    <subfield code="k">2006-2/4174</subfield>
    <subfield code="o">0</subfield>
    <subfield code="r">BOOK</subfield>
    <subfield code="s">200624174_</subfield>
  </datafield>
  <datafield tag="995" ind1=" " ind2=" ">
    <subfield code="5">2006-09-25</subfield>
    <subfield code="a">ad</subfield>
    <subfield code="b">NLR01</subfield>
    <subfield code="c">NLR01</subfield>
    <subfield code="e">RF3</subfield>
    <subfield code="f">2263957</subfield>
    <subfield code="k">2006-2/4174</subfield>
    <subfield code="o">0</subfield>
    <subfield code="r">BOOK</subfield>
    <subfield code="s">200624174_</subfield>
  </datafield>
</record>
